Luces y sombras (Record no. 157191)

MARC details
000 -LEADER
campo de control de longitud fija 01116nam a22002535i 4500
001 - NÚMERO DE CONTROL
campo de control 157191
003 - IDENTIFICADOR DE NÚMERO DE CONTROL
campo de control ES-MaACL
005 - FECHA Y HORA DE LA ÚLTIMA TRANSACCIÓN
campo de control 20251218180317.0
008 - DATOS DE LONGITUD FIJA--INFORMACIÓN GENERAL
campo de control de longitud fija 040811s1882 sp |||| | spa d
040 ## - FUENTE DE CATALOGACIÓN
Centro catalogador/agencia de origen CAM
Lengua de catalogación spa
Centro/agencia transcriptor CAM
100 1# - ENTRADA PRINCIPAL--NOMBRE DE PERSONA
Nombre de persona Lastra, Salvador.
9 (RLIN) 70499
245 10 - MENCIÓN DEL TÍTULO
Título Luces y sombras
Resto del título : gacetilla cómico-lírica en un acto y en cuatro cuadros /
Mención de responsabilidad, etc. original y en verso de Lastra, Ruesga y Prieto ; con música de los maestros Valverde y Chueca.
260 ## - PUBLICACIÓN, DISTRIBUCIÓN, ETC.
Lugar de publicación, distribución, etc. Madrid :
Nombre del editor, distribuidor, etc. [Administración lírico-dramática de Eduardo Hidalgo],
Fecha de publicación, distribución, etc. 1882 (
Fabricante Imprenta de José Rodriguez)
300 ## - DESCRIPCIÓN FÍSICA
Extensión 41 p. ;
Dimensiones 20 cm.
500 ## - NOTA GENERAL
Nota general Estrenada la noche del 1º de febrero de 1882.
500 ## - NOTA GENERAL
Nota general Solo la letra.
596 ## - NOTA AL PIE DE IMPRENTA
NOTA AL PIE DE IMPRENTA Editor tomado de la cub. y de verso de port.
700 1# - ENTRADA AGREGADA--NOMBRE PERSONAL
Nombre de persona Ruesga Villoldo, Andrés.
9 (RLIN) 132163
700 1# - ENTRADA AGREGADA--NOMBRE PERSONAL
Nombre de persona Prieto, Enrique,
Fechas asociadas al nombre m. 1914
9 (RLIN) 139960
700 0# - ENTRADA AGREGADA--NOMBRE PERSONAL
Nombre de persona Chueca, Federico,
Fechas asociadas al nombre 1846-1908
9 (RLIN) 38685
700 1# - ENTRADA AGREGADA--NOMBRE PERSONAL
Nombre de persona Valverde, Joaquín,
Fechas asociadas al nombre 1846-1910
9 (RLIN) 113008
852 ## - LOCALIZACIÓN
Ubicación ES-MaACL
Número de control de estantería D-2525(8)
Nota libre -- Enc. hol., conservando la enc. editorial
-- -- Legado de M. de la Fuente
Holdings
Estatus retirado Estado de pérdida Estado de daño No para préstamo Colección Biblioteca de origen Biblioteca actual Ubicación en estantería Fecha de adquisición Fuente de adquisición Total de préstamos Signatura topográfica completa Código de barras Visto por última vez Precio de reemplazo Tipo de ítem Koha
        Libros del s. XIX Biblioteca del Ateneo de Madrid Biblioteca del Ateneo de Madrid Sala Valle Inclán 17/01/2008     D-2525(8) 901164468 23/02/2023 23/02/2023 Libro impreso antiguo